A1 zwischen Lübeck und Bremen (extrem) - Statistiken

Allgemein
  • Dieses Quiz wurde 14 mal gespielt
  • Das Durchschnittsergebnis liegt bei 7 aus 66
Antwortstatistiken
Hint Antwort % Korrekt
Kreuz Lübeck
69%
Ausfahrt Reinfeld
46%
Raststätte Trave
38%
Ausfahrt Bad Oldesloe
23%
Autobahnpolizei Bad Oldesloe
23%
Kreuz Bremer Kreuz
23%
Abfahrt Hamburg-Moorfleet
23%
Dreieck Norderelbe
23%
Abfahrt Oyten
23%
Abfahrt Posthausen
23%
Abfahrt Rade
23%
Abfahrt Sittensen
23%
Autobahnpolizei Sittensen
23%
Ausfahrt Ahrensburg
15%
Ausfahrt Bargteheide
15%
Abfahrt Bockel
15%
Tankstelle/ Raststätte Buddikate
15%
Abfahrt Elsdorf
15%
Kreuz Hamburg-Ost
15%
Raststätte Hamburg-Stillhorn
15%
Abfahrt Hamburg-Stillhorn
15%
Dreieck Hamburg-Südost
15%
Fluss Seeve
15%
Abfahrt Stuckenborstel
15%
Abfahrt Barsbüttel
8%
Fluss Bille
8%
Abfahrt Buchholz-Dibbersen
8%
Dreieck Buchholzer Dreieck
8%
Fluss Este
8%
Abfahrt Hamburg-Billstedt
8%
Abfahrt Hamburg-Öjendorf
8%
Abfahrt Heidenau
8%
Raststätte Hollenstedt
8%
Abfahrt Hollenstedt
8%
Kreuz Horster Dreieck
8%
Brücke Bahnstrecke Lübeck-Hamburg
8%
Kreuz Maschener Kreuz
8%
Fluss Oste
8%
Raststätte Ostetal
8%
Abfahrt Seevetal-Hittfeld
8%
Parkplatz Thünen
8%
Fluss Barnitz
0%
Tunnel Billwerder-Moorfleet
0%
Brücke Bremervörde-Rotenburg
0%
Raststätte Elbmarsch
0%
Parkplatz Ellerbrook
0%
Parkplatz Glindbusch
0%
Brücke Glinder Au
0%
Brücke Bahnstrecke Hannover-Hamburg
0%
Parkplatz Hatzte
0%
Parkplatz Melmshöhe
0%
Brücke Norderelbbrücke
0%
Fluss Ramme
0%
Fluss Seevekanal
0%
Abfahrt Stapelfeld
0%
Parkplatz Stellheide
0%
Fluss Süderbeste
0%
Parkplatz Sunderblick
0%
Fluss Travebrücke
0%
Fluss Wandse
0%
Brücke Bahnstrecke Wanne-Eickel-Hamburg
0%
Brücke Bahnstrecke Wanne-Eickel-Hamburg
0%
Fluss Wieste
0%
Fluss Wieste
0%
Brücke Bahnstrecke Wilstedt-Tostedt
0%
Brücke Wümmebrücke
0%
Keine übereinstimmenden Quizze gefunden
Verteilung der Resultate
Anzahl Personen mit jedem Resultat
Perzentil nach korrekt beantworteten Fragen
Ihre Resultats-Entwicklung
Sie haben dieses Quiz noch nicht gespielt